000 01229nam a2200373Ia 4500
003 OSt
005 20220912150110.0
006 a|||||r|||| 00| 0
007 ta
008 220909b |||||||| |||| 00| 0 eng d
020 _a0070499357 (pbk)
024 _a18450
037 _b199/05-06, 17/02/2006, N R Book Distributors
037 _cTextual
040 _aCSL
_beng
_cCSL
041 _aeng
082 _aD65,8(B):71, P4;P1
100 _aForouzan Behrouz A
245 0 _aData communications and networking
250 _a2
260 _aNew York McGraw-Hill companies, Inc.
_c2001
300 _axxxii, 944p.
_ccm.
490 _aMcGraw-Hill forouzan networking series
500 _aAppendix A-I 809-872p; Bibliographical references 873-874p; Glossary 875-907p; Index 909-944p
650 _a Computer networks
650 _a Data communication
650 _a Data transmission systems
650 _a Networking
650 _aComputer science
700 _a Coombs Catherine
700 _a Fegan Sophia chung
942 _hD65,8(B):71, P4;P1
_cTEXL
_2CC
999 _c39626
_d39626